000 00664nam a2200229 i 4500
001 105027
003 ES-MaACL
005 20230906183746.0
007 t|
008 060606s1959 xxk ||||1| eng d
080 _a294.3
245 0 0 _aBuddhist scriptures /
_cselected and translated by Edward Conze.
260 _aLondon :
_bPenguin Books,
_c[1959]
300 _a250 p. ;
_c18 cm.
490 1 _aThe Penguin classics
500 _aBiblioteca Jacinto Martínez Lacalle.
650 _aBudismo.
_910630
700 1 _aConze, Edward.
_940343
830 0 _aThe Penguin classics
_9232680
852 _aES-MaACL
_jE-11273
_bR.139235
999 _c105027
_d105027